000 00634nam a2200193 a 4500
005 20210219160501.0
008 081109s1955 mx r 000 0 spa d
035 _aUPN01000166534
049 _aUNE
080 _aOC 061.6:5 (620) =20 1955 WHI No.2
100 1 _aWhite, F.W.G
245 1 0 _aA Report on the organization and development of the national research council ofEgypt /
_cby F.W.G. White.
260 _aParis :
_bUNESCO,
_c1955.
300 _a23 p.
440 0 _aTechnical assitance special report ;
_v2.
690 _aConsejos de investigacion- Egipto
690 _aInstituciones cientificas- Egipto
905 _aUNESCO
999 _c138645
_d138645